| 000 | 00492nam a22001697a 4500 | ||
|---|---|---|---|
| 003 | OSt | ||
| 005 | 20260326142458.0 | ||
| 008 | 260326b |||||||| |||| 00| 0 eng d | ||
| 037 | _bDonación | ||
| 040 |
_aCO-JMCR _bspa _cCO-JMCR _dCO-JMCR _erda |
||
| 041 | 0 | _aspa | |
| 082 | 0 | 4 |
_a641.59 / _bT56d |
| 245 | 0 | 0 |
_aDe la tierra : _btoda la riqueza de los vegetales y las más creativas recetas en su mesa / |
| 300 |
_a180 páginas ; _c28 cm. |
||
| 650 |
_2Cocina _arecetas _911274 |
||
| 942 |
_2ddc _cBK |
||
| 999 |
_c31165 _d17549 |
||